000 00448nab a22001457 4500
003 ES-SlBCS
005 20210327224151.0
008 161020s2016 sp ||||| |||| 00| 0 spa d
040 _aES-SlBCS
_bspa
041 _aspa
100 1 _aBabic, Mile
_9100390
245 1 3 _aEl cristianismo: desde la religión de Estado hasta la libertad religiosa
_cMile Babic
773 0 _gNúm. 367, 2016, págs. 17-30
_tConcilium
_wRev134
_x0210-1041
942 _2lcc
_cAR
999 _c469847
_d469847